| 000 | 01364nam a22002777i 4500 | ||
|---|---|---|---|
| 003 | URS | ||
| 005 | 20230419113946.0 | ||
| 008 | 220921b ph ||||| |||| 00| 0 eng d | ||
| 020 | _a9786214510085 | ||
| 040 |
_aPCUS _bEnglish _erda _cURS |
||
| 050 | 1 | 4 |
_aBJ1631 _b.G591 2021 |
| 100 |
_aRoces, Catherine Ortizo., _cEd.D _eauthor. _94518 |
||
| 245 | 1 | 0 |
_aGood manners and right conduct / _cCatherine Ortizo Roces...[and three others]. |
| 264 | 1 |
_aQuezon City, PH : _bLorimar Publishing Incorporated, _c©2021. |
|
| 300 |
_axvi, 198 pages : _billustrations ; _c26 cm. |
||
| 336 |
_atext _btxt _2rdacontent |
||
| 337 |
_aunmediated _bn _2rdamedia |
||
| 338 |
_avolume _bnc _2rdacarrier |
||
| 504 | _aIncludes bibliographical references | ||
| 505 | _aModule 1: Forming the heart and mind of GMRC teacher good manners and right conduct -- Module 2: The GMRC teacher reaching out to others -- Module 3: The GMRC teacher as an agent of nation-building and sustainable environment -- Module 4: The GMRC teacher as God's masterpiece -- Module 5: GMRC in a global context -- Module 6: Moving towards a holistic character education. | ||
| 650 | 0 |
_aMoral education. _94519 |
|
| 700 |
_aMontaño, Hilda Clavel, _cEd.D. _eauthor. _94521 |
||
| 700 |
_aRobles, Baby Rose Gargantiel, _cPh.D _eauthor. _94522 |
||
| 700 |
_aPalmos, Rejie Farparan, _cPh.D _eauthor. _94523 |
||
| 942 |
_cF _2lcc |
||
| 999 |
_c69017 _d69017 |
||